000 01272nam2a2200253 4500
001 RU\NLR\BIBL_A\012841377
005 20220729153347.0
010 _a978-5-09-090363-9
_bкн. 2
021 _aRU
_bКН-П-22-024931
_9КН-П-22-2132
035 _a(NLR Aleph) 012841377
035 _a(RuMoRGB)011047526
090 _a12396933
_c12396933
100 _a20220706d2022 c y0rusy50 ca
101 0 _arus
102 _aRU
105 _aa|||j|||000yy
200 0 _aКн. 2
210 _d2022
215 _a96 с.
_cил., цв. ил.
461 0 _1001RU\NLR\BIBL_A\012839067
_12001#$aМатематика$e2 класс$eучебник$eсистема Д.Б. Эльконина - В.В. Давыдова$eв двух книгах$fВ.В. Давыдов, С.Ф. Горбов, Г.Г. Микулина, О.В. Савельева$vКн. 2
_912389915
_cМосква
_d2022
_e4-е изд., стер.
_fВ.В. Давыдов, С.Ф. Горбов, Г.Г. Микулина, О.В. Савельева
_nПросвещение
_o2 класс : учебник : система Д.Б. Эльконина - В.В. Давыдова : в двух книгах
_tМатематика
_y9785090904667
_vКн. 2
942 _cBOOK
980 _aNB